02319cam a22003018i 45000010009000000050017000090080041000260100017000670200018000840200018001020400023001200420008001430500022001510820019001732450082001922630009002743000013002835040051002965201300003476500027016476500037016746500043017117000036017549060045017909420034018359990017018699520131018862172021920230717112732.0200916s2021 enk b 001 0 eng  a 2020041185 a9780367198374 z9780429243578 aDLCbengerdacDLC apcc00aHQ 1163 .R68 202100a305.48/89622304aThe Routledge companion to Black women's cultural histories /cJanell Hobson. a2103 apages cm aIncludes bibliographical references and index. a"In the social and cultural histories of women and feminism, Black women have long been overlooked or ignored. The Routledge Companion to Black Women's Cultural Histories is an impressive and comprehensive reference work for contemporary scholarship on the cultural histories of Black women across the diaspora spanning different eras from ancient times into the twenty-first century. Comprising over thirty chapters by a team of international contributors, the Companion is divided into five parts: A Fragmented Past, An Inclusive Future Contested Histories, Subversive Memories Gendered Lives, Racial Frameworks Cultural Shifts, Social Change, Black Identities, Feminist Formations Within these sections a diverse range of women, places and issues are explored including: The Queen of Sheba, Black Women in Early Modern European Art and Culture, Enslaved Muslim Women in the Antebellum United States, Sally Hemings, and Phillis Wheatley, Black women writers in Early 20th Century Paris, Black women, Civil Rights, South African Apartheid, and sexual violence and resistance in the United States in recent history. The Routledge Companion to Black Women's Cultural Histories is essential reading for students and researchers in Gender Studies, History, Africana Studies and Cultural Studies"-- 0aWomen, BlackxHistory. 0aWomen, BlackxSocial conditions. 0aWomen, BlackxSocial life and customs.1 aHobson, Janell,d1973-eeditor. a7bcbccorignewd1eecipf20gy-gencatlg 2lcccBOOKShHQ 1163 .R68 2021 c31684d31684 00102lcc4070aMUCbMUCcGENd2023-07-17eDonation(falcon books)l0oHQ 1163 .R68 2021p39438r2023-07-03w2023-07-17yBOOKS